| 000 | 00615nam a2200181 4500 | ||
|---|---|---|---|
| 999 |
_c196596 _d196596 |
||
| 005 | 20230814130542.0 | ||
| 010 | _aENG-137436 | ||
| 020 | _c250.00 | ||
| 035 | _aEN-120968 | ||
| 037 | _bDBAD/PUB | ||
| 082 | _a305.56330954133 | ||
| 100 | _aMahapatra, L.K | ||
| 245 |
_aTribal Peasantry in Bonai Hills/ _cBy L.K Mahapatra |
||
| 260 |
_aBHUBANESWAR _bSCHEDULED CASTES AND SCHEDULED TRIBES RESEARCH AND TRAINING INSTITUTE |
||
| 270 |
_aSCHEDULED CASTES AND SCHEDULED TRIBES RESEARCH AND TRAINING INSTITUTE _bBHUBANESWAR |
||
| 300 |
_a264p. _c25cm(pbk) |
||
| 942 |
_2ddc _cEN _h305.56330954133 _mMAH |
||